000 01262nam a22003977a 4500
003 OSt
005 20230315123457.0
008 221006b |||||||| |||| 00| 0 eng d
040 _cBiblioteca Lado V
082 _a701.1
_bB167a
100 _9783
_aBaker, Elizabeth C.
_eeditora
245 _aArt in America/
260 _bWhitney Communications Corporation Magazine Division
_c1996
_aNew York
300 _c22x29cm
_a104p.
366 _eeng
490 _aJulio
_v1996
505 _tLetters
505 _tFront Page
505 _tReview of Books
505 _tReport from Indonesia
505 _tDe Chirico's Long American Shadow
505 _tThe Abstract Century
505 _tGlamour Girls
505 _tEnds and Means
505 _tRuins and Replicas
505 _tBombs 'R' Us
505 _tReview of Exhibitions
505 _tArtworld
650 _2Tesauro de Arte & Arquitectura
_aARTE
_9703
650 _2Tesauro de Arte & Arquitectura
_aCRITICA
650 _2Tesauro de Arte & Arquitectura
_aAPRECIACION
650 _2Tesauro de Arte & Arquitectura
_aCOLECCIONISMO
650 _2Tesauro de Arte & Arquitectura
_aARTE - USA
700 _aShanley, Paul
_epublicista
942 _2ddc
_c1
_h701.1
_iB167a
_n0
999 _c3212
_d3212